LEADER 01526nam 2200337Ia 450 001 996384612403316 005 20200824132435.0 035 $a(CKB)4940000000073980 035 $a(EEBO)2240903536 035 $a(OCoLC)ocm11885166e 035 $a(OCoLC)11885166 035 $a(EXLCZ)994940000000073980 100 $a19850404d1644 uy | 101 0 $aeng 135 $aurbn||||a|bb| 200 12$aA sermon preached before the Right Honorable the Lords and Commons assembled in Parliament$b[electronic resource] $eat Margarets Church in Westminster, upon Thursday the 18 day of Iuly, 1644 : it being the day of public thanksgiving for the great mercie of God in the happie successe of the forces of both kingdomes neer York, against the enemies of King and Parliament /$fby Alexander Henderson .. 210 $aLondon $cPrinted for Robert Bostock ...$d1644 215 $a[14], 24 p 300 $a"A catalogue of the names of those divines, who have preached before the parliament ... Jan. 18, 1644 to July 18, 1644" - Recto of 6th p. 300 $aReproduction of original in Thomason Collection, British Library. 330 $aeebo-0158 607 $aGreat Britain$xHistory$yCivil War, 1642-1649 700 $aHenderson$b Alexander$f1583?-1646.$01003757 801 0$bEAA 801 1$bEAA 801 2$bm/c 801 2$bWaOLN 906 $aBOOK 912 $a996384612403316 996 $aA sermon preached before the Right Honorable the Lords and Commons assembled in Parliament$92364867 997 $aUNISA LEADER 02680nam 2200625 a 450 001 9910782654703321 005 20230721004556.0 010 $a0-309-17774-X 010 $a1-281-80025-2 010 $a9786611800253 010 $a0-309-11214-1 035 $a(CKB)1000000000705285 035 $a(EBL)3378397 035 $a(SSID)ssj0000097022 035 $a(PQKBManifestationID)11130839 035 $a(PQKBTitleCode)TC0000097022 035 $a(PQKBWorkID)10113108 035 $a(PQKB)11645517 035 $a(MiAaPQ)EBC3378397 035 $a(Au-PeEL)EBL3378397 035 $a(CaPaEBR)ebr10255023 035 $a(CaONFJC)MIL180025 035 $a(OCoLC)923279279 035 $a(EXLCZ)991000000000705285 100 $a20090925d2008 uy 0 101 0 $aeng 135 $aur|n|---||||| 181 $ctxt 182 $cc 183 $acr 200 00$aAcute exposure guideline levels for selected airborne chemicals$hVol. 6$b[electronic resource] /$fCommittee on Acute Exposure Guideline Levels, Committee on Toxicology, Board on Environmental Studies and Toxicology, National Research Council 210 $aWashington, D.C. $cNational Academy Press$d2008 215 $a1 online resource (319 p.) 225 0 $aAcute exposure guideline levels for selected airborne chemicals 300 $aDescription based upon print version of record. 311 $a0-309-11213-3 320 $aIncludes bibliographical references. 327 $a""Preface""; ""Contents""; ""Introduction""; ""Roster of the National Advisory Committee for Acute Exposure Guideline Levels for Hazardous Substances""; ""1 Allylamine""; ""2 Ammonia""; ""3 Aniline""; ""4 Arsine""; ""5 Crotonaldehyde, trans and cis + trans""; ""6 Dimethylhydrazine""; ""7 Iron Pentacarbonyl""; ""8 Monomethylhydrazine""; ""9 Nickel Carbonyl""; ""10 Phosphine and Eight Metal Phosphides"" 606 $aGases, Asphyxiating and poisonous 606 $aPollution$xEnvironmental aspects 606 $aChemicals$xPhysiological effect 615 0$aGases, Asphyxiating and poisonous. 615 0$aPollution$xEnvironmental aspects. 615 0$aChemicals$xPhysiological effect. 676 $a615.9 712 02$aNational Research Council (U.S.).$bCommittee on Acute Exposure Guideline Levels. 712 02$aNational Research Council (U.S.).$bCommittee on Toxicology. 712 02$aNational Research Council (U.S.).$bBoard on Environmental Studies and Toxicology. 801 0$bMiAaPQ 801 1$bMiAaPQ 801 2$bMiAaPQ 906 $aBOOK 912 $a9910782654703321 996 $aAcute exposure guideline levels for selected airborne chemicals$92610632 997 $aUNINA